[Event "GER-ch Schools U18 Girls"]
[Site "Germany"]
[Date "2010.05.08"]
[Round "6.2"]
[White "Schmitz, Susanne"]
[Black "Schmitt, Anja"]
[Result "1-0"]
[WhiteElo "800"]
[BlackElo "800"]
[PlyCount "53"]
[EventDate "2010.05.07"]
[EventType "team-swiss"]
[EventRounds "7"]
[EventCountry "GER"]
[SourceTitle "EXT 2011"]
[Source "ChessBase"]
[SourceDate "2010.11.26"]
[SourceVersion "1"]
[SourceVersionDate "2010.11.26"]
[SourceQuality "1"]
[WhiteTeam "Koenigsbach KMG (W)"]
[BlackTeam "Karlsruhe KG (W)"]
[WhiteTeamCountry "GER"]
[BlackTeamCountry "GER"]

1. e4 d5 2. d3 e5 3. Nf3 Nf6 4. Nxe5 Nc6 5. Nf3 Bb4+ 6. c3 Ba5 7. Bf4 Bg4 8. Nbd2 b5 9. b4 Bb6 10. d4 a5 11. Bxb5 Qd7 12. Qa4 Qd8 13. Bxc6+ Ke7 14. Ne5 Rc8 15. c4 dxc4 16. f3 Bh5 17. Nexc4 Qxd4 18. Rc1 Qc3 19. Rxc3 axb4 20. Qxb4+ Ke6 21. g4 Bd4 22. Rd3 Rcd8 23. gxh5 Nxh5 24. Qb7 Ra8 25. Bd5+ Ke7 26. Qxc7+ Kf6 27. Qd6# 1-0